A dialektikus materializmus

Elmentve itt :
Bibliográfiai részletek
Adatforrás:Philobibl
Dokumentumtípus: Könyv
Nyelv:magyar
Megjelent: Bp. Szikra 1954
LEADER 00316nam a2200121 c 4500
001 bibDOK00008976
005 20200924120446.5
008 060518s1954 hu hun
245 0 2 |a A dialektikus materializmus 
260 |a Bp.  |b Szikra  |c 1954 
300 |a 512 p. 
500 |a Tábor Béla (ford.) 
500 |a Alexandrov, G. F. (szerk.)